| 000 | 00576nam a2200193 a 4500 | ||
|---|---|---|---|
| 005 | 20221125063738.0 | ||
| 008 | 010611m19791993mx r 000 0 spa d | ||
| 020 | _a968180290X | ||
| 035 | _aUPN01000108064 | ||
| 049 | _aCG | ||
| 050 | 4 |
_aHF5657.4 _bT7.38 |
|
| 100 | 1 | _aTracy, John A. | |
| 245 | 1 | 0 |
_aFundamentos de contabilidad : _bexámenes de autoevaluación / _cJohn A. Tracy ; tr. Ricardo Calvet Pérez. |
| 260 |
_aMéxico : _bLimusa, _c1979 (1993 impr.). |
||
| 300 | _a654 p. | ||
| 650 | 2 |
_aContabilidad _98728 |
|
| 650 | 4 |
_aESTADOS FINANCIEROS _98731 |
|
| 905 | _aLibro | ||
| 999 |
_c81976 _d81976 |
||